000 00317nam a2200133Ia 4500
005 20251222143314.0
008 251222s9999||||xx |||||||||||||| ||spa||
020 _a84-7490-225-1
082 _a848.9/B45L
100 _aBernanos, Georges
245 0 _aLa Libertad, ¿Para qué?
264 _bEncuentro
942 _cLIB
999 _c15845
_d15845